000 00414nam a22001457a 4500
008 230227b |||||||| |||| 00| 0 eng d
020 _a978-93-85288-61-6
082 _a612.3
100 _aGiulia Enders
245 _aGut
_bThe inside story of our body's most under-rated organ
260 _aNew Delhi;
_bSpeaking Tiger,
_c2015
300 _a263 p.
_c21 cm
942 _2ddc
999 _c9316
_d9317